000 00255nam a22001097a 4500
999 _c260600
_d260599
020 _a0439198992
100 _aBarbara Park
245 _aJunie B. Jones and the Mushy Gushy Valentime
260 _aNew York
_bScholastic
300 _a69 pgs
942 _cBK